书目信息 |
| 题名: |
EndNote & Word文献管理与论文写作
|
|
| 作者: | 童国伦 , 程丽华 , 张楷焄 编著 | |
| 分册: | ||
| 出版信息: | 北京 化学工业出版社 2017.1 |
|
| 页数: | 248页 | |
| 开本: | 26cm | |
| 丛书名: | ||
| 单 册: | ||
| 中图分类: | TP391.12 | |
| 科图分类: | ||
| 主题词: | 文字处理系统--基本知识 , 文字处理系统 | |
| 电子资源: | ||
| ISBN: | 978-7-122-18861-8 | |
| 000 | 01103nam0 2200289 450 | |
| 001 | 0400004064 | |
| 005 | 20171026103456.64 | |
| 010 | @a978-7-122-18861-8@dCNY38.00 | |
| 100 | @a20171023d2017 em y0chiy ea | |
| 101 | 0 | @achi |
| 102 | @aCN@b110000 | |
| 105 | @ay z 000yy | |
| 106 | @ar | |
| 200 | 1 | @aEndNote & Word文献管理与论文写作@9EndNote & Word wen xian guan li yu lun wen xie zuo@f童国伦,程丽华,张楷焄编著 |
| 205 | @a第2版 | |
| 210 | @a北京@c化学工业出版社@d2017.1 | |
| 215 | @a248页@d26cm | |
| 330 | @a本书共分为6章,第1~3章介绍EndNote的操作;第4章介绍EndNote Web的在线操作功能,使用户可以随时随地进行论文撰写、管理等活动,并进行数据的分享工作;第5章和第6章则引导读者进入Word 2010的进阶功能,例如图文交叉引用、中英文双栏对照、功能域设定,以及自动制作索引的技巧。 | |
| 606 | 0 | @a文字处理系统@x基本知识 |
| 606 | 0 | @a文字处理系统 |
| 610 | 0 | @aEndNote |
| 690 | @aTP391.12@v5 | |
| 701 | 0 | @a童国伦@9tong guo lun@4编著 |
| 701 | 0 | @a程丽华@9cheng li hua@4编著 |
| 701 | 0 | @a张楷焄@9zhang kai xun@4编著 |
| 801 | 0 | @aCN@bNLC@c20171023 |
| 905 | @b1036871-5@dTP391.12@f5@e1433=2 | |
| EndNote & Word文献管理与论文写作/童国伦,程丽华,张楷焄编著.-第2版.-北京:化学工业出版社,2017.1 |
| 248页;26cm |
| ISBN 978-7-122-18861-8:CNY38.00 |
| 本书共分为6章,第1~3章介绍EndNote的操作;第4章介绍EndNote Web的在线操作功能,使用户可以随时随地进行论文撰写、管理等活动,并进行数据的分享工作;第5章和第6章则引导读者进入Word 2010的进阶功能,例如图文交叉引用、中英文双栏对照、功能域设定,以及自动制作索引的技巧。 |
| ● |
| 相关链接 |
|
|
|
|
正题名:EndNote & Word文献管理与论文写作
索取号:TP391.12/1433=2
 
预约/预借
| 序号 | 登录号 | 条形码 | 馆藏地/架位号 | 状态 | 备注 |
| 1 | 1036871 | 210368715 | 第二样本阅览室/ [索取号:TP391.12/1433=2] | 在馆 | |
| 2 | 1036872 | 210368724 | 密集书库—计算机科学学院/ [索取号:TP391.12/1433=2] | 在馆 | |
| 3 | 1036873 | 210368733 | 第三借阅区/ [索取号:TP391.12/1433=2] | 在馆 | |
| 4 | 1036874 | 210368742 | 第三借阅区/ [索取号:TP391.12/1433=2] | 在馆 | |
| 5 | 1036875 | 210368751 | 第三借阅区/ [索取号:TP391.12/1433=2] | 在馆 |